History of internal trade barriers in British India.

Gespeichert in:
Bibliographische Detailangaben
1. Verfasser: Banerjee, Tarasankar, 1934-
Format: Buch
Sprache:English
Veröffentlicht: Calc. : The Asiatic Society, 1972.
Schriftenreihe:Monographic series (Asiatic Society) ; vol.21.
Schlagworte:
LEADER 00927nam a22002411 4500
001 c000197380
003 CARM
005 20021125001700.0
008 851003s1972 ii 0 eng d
019 1 |a 3985987  |5 LACONCORD2021 
035 |a (OCoLC)217157404  |5 LACONCORD2021 
100 1 |a Banerjee, Tarasankar,  |d 1934- 
245 1 0 |a History of internal trade barriers in British India. 
260 |a Calc. :  |b The Asiatic Society,  |c 1972. 
300 |a Vol.1. 
490 1 |a Monographic series / Asiatic Society ;  |v vol.21 
505 0 |a V.1, Bengal Presidency, 1765-1836. 
651 0 |a India  |x Commerce  |x History. 
830 0 |a Monographic series (Asiatic Society) ;  |v vol.21. 
852 8 |b CARM  |h A2:AL36G0  |i C08235  |p 0297949  |f BK 
082 0 4 |a 381.0954 
999 f f |i f18653e7-70ab-5abf-8b75-5eb6881545cb  |s 6cca3ecf-d3c2-52c5-9342-03803cd648bd 
952 f f |p Can circulate  |a CAVAL  |b CAVAL  |c CAVAL  |d CARM 1 Store  |e C08235  |f A2:AL36G0  |h Other scheme  |i book  |m 0297949